LEADER 01002nam a2200313 i 4500 001 991000879429707536 005 20020507102707.0 008 960326s1970 us ||| | eng 035 $ab10142575-39ule_inst 035 $aLE00638474$9ExL 040 $aDip.to Fisica$bita 084 $a53.8.2 084 $a53.8.8 084 $a530.4'1 084 $aQC176.8 100 1 $aLampert, M.$0461565 245 10$aCurrent injection in solids /$cM. Lampert, P. Mark 260 $aNew York :$bAcademic Press,$c1970 300 $axii, 351 p. :$bill. ;$c24 cm. 650 4$aElectric insulators and insulation 650 4$aSemiconductors 650 4$aSolids 700 1 $aMark, P. 907 $a.b10142575$b21-09-06$c27-06-02 912 $a991000879429707536 945 $aLE006 53.8.2 LAM$g1$i2006000057981$lle006$o-$pE0.00$q-$rl$s- $t0$u0$v0$w0$x0$y.i10169490$z27-06-02 996 $aCurrent injection in solids$9187038 997 $aUNISALENTO 998 $ale006$b01-01-96$cm$da $e-$feng$gus $h0$i1 LEADER 01460nam 2200457Ia 450 001 9910711287303321 005 20180711120946.0 024 8 $aGOVPUB-C13-bfd56cda4e3e17431f968b8fa886d10a 035 $a(CKB)5470000002481145 035 $a(OCoLC)957470384 035 $a(OCoLC)995470000002481145 035 $a(EXLCZ)995470000002481145 100 $a20160829d1958 ua 0 101 0 $aeng 181 $ctxt$2rdacontent 182 $cc$2rdamedia 183 $acr$2rdacarrier 200 14$aThe process of ignition /$fA.F. Robertson 210 1$aGaithersburg, MD :$cU.S. Dept. of Commerce, National Institute of Standards and Technology,$d1958. 215 $a1 online resource 225 1 $aNBS report ;$v5983 300 $a1958. 300 $aContributed record: Metadata reviewed, not verified. Some fields updated by batch processes. 300 $aTitle from PDF title page. 320 $aIncludes bibliographical references. 606 $aCombustion$xResearch 606 $aCombustion$xResearch$2fast 615 0$aCombustion$xResearch. 615 7$aCombustion$xResearch. 700 $aRobertson$b A. F$014501 701 $aRobertson$b A. F$014501 712 02$aUnited States.$bNational Bureau of Standards. 801 0$bNBS 801 1$bNBS 801 2$bOCLCO 801 2$bOCLCF 801 2$bOCLCQ 906 $aBOOK 912 $a9910711287303321 996 $aThe process of ignition$93473624 997 $aUNINA